| 000 | 00639nam a2200169 i 4500 | ||
|---|---|---|---|
| 001 | 100750 | ||
| 003 | ES-MaACL | ||
| 005 | 20230906182735.0 | ||
| 007 | t| | ||
| 008 | 051005s1964 sp ||||1| spa d | ||
| 245 | 0 | 3 |
_aEl material para la enseñanza de las matemáticas / _cC. Cattegno, T. J. Fletcher, A. Biguenet... (Comisión Internacional para el Estudio y Mejora de la Enseñanza de las Matemáticas). Versión española de Gonzalo Medina. |
| 260 |
_aMadrid : _bAguilar, _c1964. |
||
| 300 |
_aXIX, 233 p. ; _c23 cm. |
||
| 700 | 1 |
_aCattegno, C. _937083 |
|
| 700 | 1 |
_aMedina, Gonzalo. _979697 |
|
| 852 |
_aES-MaACL _jC-24999 _bR.53768 |
||
| 999 |
_c100750 _d100750 |
||